Cuentas nacionales de Chile: 1960-1969

Đã lưu trong:
Chi tiết về thư mục
Nhiều tác giả của công ty: ODEPLAN (Tác giả), Oficina de Planificación Nacional (Tác giả)
Định dạng: Sách
Ngôn ngữ:Tiếng Tây Ban Nha
Được phát hành: Santiago ODEPLAN 1970
Những chủ đề:
Các nhãn: Thêm thẻ
Không có thẻ, Là người đầu tiên thẻ bản ghi này!

MARC

LEADER 00000nam a2200000 a 4500
001 UCR7860
003 CL-VaPUC
008 980519e19701000CL |||||||||||||||||spa|d
082 0 4 |a 318.83  |b ODE  |2 21 
110 2 |a ODEPLAN  |e author  |9 409351 
710 2 |a Oficina de Planificación Nacional  |e author  |9 409352 
245 1 0 |a Cuentas nacionales de Chile: 1960-1969 
300 |a 55 p 
942 |c BK 
945 |d 19980519 00:00:00  |a crobeson 
260 |a Santiago  |b ODEPLAN  |c 1970 
650 0 |a Economía   |9 255568 
650 0 |a Contabilidad   |9 261430 
650 7 |a CONTABILIDAD NACIONAL  |2 CL-VaPUC  |9 409353 
651 7 |a CHILE  |2 CL-VaPUC  |9 409354 
583 |a last modification  |c 19980519 00:00:00  |k Rodrigo Vera 
999 |c 269439  |d 269437 
952 |0 0  |1 0  |4 0  |6 318_830000000000000_ODE_1970  |7 0  |8 A  |9 303182  |a BIBENE  |b BIBENE  |d 2019-11-20  |i 1997491  |o 318.83 ODE 1970  |p 1997491  |r 2025-01-15  |w 2019-11-20  |y BK  |k ICO